000 00788nam a2200241Ia 4500
003 CO-CtgCURN
005 20250408232004.0
008 190723s9999 xx 000 0 und d
020 _a9706134670
040 _aCO-CtgCURN
_bspa
_ccoctgcurn
082 _a346.07
_bS237
100 _aSantos Belandro, Ruben
245 0 _aArbitraje comercial internacional /
_cRuben Santos Belandro
250 _a3 edición
260 _aMéxico :
_bOxford University Press,
_c2000
300 _a417 páginas ;
_c21 centímetros
490 _aColeccion Estudios Jurídicos
521 _aAREA PROFESIONAL
590 _aPrograma de Derecho_18
650 _aDerecho mercantil
942 _cBK
_h346.07
_iS237
_2ddc
_n0
999 _c29383
_d29383